000 00653nam a22001697a 4500
003 OSt
005 20171010095422.0
008 120411t xxu||||| |||| 00| 0 eng d
040 _aMMSU
_cULS
100 _aAlba, Mary Grace A.
_98440
245 _aDiscourses on issues surrounding the gender and development code enactment in Sarrat, Ilocos Norte
_cMary Grace A. Alba
260 _c2009
300 _axx, 128 leaves
_c28 cm.
500 _aThesis (BS Development Communication) -- Mariano Marcos State University, College of Agriculture, Food and Sustainable Development, Batac City
504 _aBibliography: leaves 114-115
942 _2ddc
_cTHEDIS
999 _c9446
_d9446